Прибор для проверки индуктивности катушек с сердечниками; Радиоэлектронная промышленность; № 1
| Parent link: | Радиоэлектронная промышленность № 1.— 1958.— С. 40-43 |
|---|---|
| Autor principal: | |
| Idioma: | rus |
| Publicat: |
1958
|
| Matèries: | |
| Format: | MixedMaterials Capítol de llibre |
| KOHA link: | https://koha.lib.tpu.ru/cgi-bin/koha/opac-detail.pl?biblionumber=592635 |
MARC
| LEADER | 00000naa0a2200000 4500 | ||
|---|---|---|---|
| 001 | 592635 | ||
| 005 | 20241228131513.0 | ||
| 035 | |a (RuTPU)RU\TPU\tpu\4946 | ||
| 090 | |a 592635 | ||
| 100 | |a 20011210d1958 k||y0rusy50 ca | ||
| 101 | 0 | |a rus | |
| 102 | |a RU | ||
| 200 | 1 | |a Прибор для проверки индуктивности катушек с сердечниками |f М. С. Ройтман | |
| 461 | |t Радиоэлектронная промышленность | ||
| 463 | |t № 1 |v С. 40-43 |d 1958 | ||
| 610 | 1 | |a радиоэлектроника | |
| 610 | 1 | |a труды учёных ТПУ | |
| 700 | 1 | |a Ройтман |b М. С. | |
| 801 | 0 | |a RU |b 63413507 |c 20011210 |g PSBO | |
| 801 | 2 | |a RU |b 63413507 |c 20080213 |g PSBO | |
| 942 | |c CR | ||